000 00777nam a2200277Ia 4500
001 Para_6628
003 CHAP
008 220125s1983 xx 000 0 und d
010 _a205427
040 _cCHAP
090 _aPA FOLLETO 630
110 _aInstitut National de la Recherche Agronomique (Francia)
_9171453
245 _aLa lutte biologique /
_c INRA
260 _aParis :
_b El Instituto
300 _a2 h.
650 _aControl biológico de hongos
_927580
650 _aControl biológico de insectos
_927582
650 _aControl biológico de plagas
_927587
901 _aPA FOLLETO 630
902 _aA
905 _a0000001983 0000000000 00
910 _a1983
942 _cPARA
942 _cPARA
_d1
999 _c205427
_d205427